| 000 | 01048nam a2200277 i 4500 | ||
|---|---|---|---|
| 001 | 183527 | ||
| 003 | ES-MaACL | ||
| 005 | 20250416063104.0 | ||
| 008 | 140714s2013 sp a | |||||||| | spa d | ||
| 020 | _a978-84-8472-753-8 | ||
| 080 | _a821.134.2-31"19" | ||
| 100 | 1 |
_aJarnés, Benjamín, _d1888-1949 _9154398 |
|
| 245 | 1 | 0 |
_aVenus dinámica / _cBenjamín Jarnés ; edición, estudio introductorio y notas de Juan Herrerro Senés y Domingo Ródenas de Moya. |
| 260 |
_a[Sevilla] : _bRenacimiento, _cimp. 2013. |
||
| 300 |
_a299 p. : _b1 retr. ; _c22 cm. |
||
| 490 | 1 |
_aBiblioteca del exilio ; _v46 |
|
| 504 | _aBibliografía: p. 52-67. | ||
| 700 | 1 |
_aHerrero Senés, Juan. _9154950 |
|
| 700 | 1 |
_aRódenas de Moya, Domingo. _998116 |
|
| 830 | 0 |
_aBiblioteca del exilio ; _v46 _9180374 |
|
| 852 |
_aES-MaACL _jA-13140 _9190468 _bR.149886 _cDEPO1 _dOlim:N-6140 _hDonación: José Esteban |
||
| 903 |
_aEsteban, José, _d1935- _ednr _948033 |
||
| 942 |
_2udc _cMONOGRAFIA |
||
| 999 |
_c183527 _d183527 |
||